台湾の行政区分 - Statistics

General Stats
  • This quiz has been taken 62 times
  • The average score is 14 of 22
Answer Stats
種類 行政区分 % Correct
台中
100%
直轄市 台北
98%
高雄
98%
台南
96%
新北
94%
基隆
76%
桃園
69%
新竹
69%
新竹
69%
台東
59%
嘉義
57%
嘉義
57%
花蓮
57%
苗栗
56%
宜蘭
48%
屏東
46%
金門
46%
彰化
44%
南投
44%
澎湖
41%
雲林
37%
連江
30%
No matching quizzes found
Score Distribution
Percent of People with Each Score
Percentile by Number Answered
Your Score History
You have not taken this quiz